Priemyselná politika. 12 - Zahraničné zdroje financovania
Výber z prílohy č.2 vládneho dokumentu Priemyselná politika SR, venovanej možným zahraničným zdrojom. Pôžičky a úvery medzinárodných finančných inštitúcií schválené pre Slovensko. Podpora podnikateľských aktivít a malého a stredného podnikania.
Gespeichert in:
| 1. Verfasser: | |
|---|---|
| Format: | Buchkapitel |
| Sprache: | Slowakisch |
| Schlagworte: | |
| Tags: |
Keine Tags, Fügen Sie das erste Tag hinzu!
|
MARC
| LEADER | 00000naa a2200000 4500 | ||
|---|---|---|---|
| 001 | r020779 | ||
| 005 | 20230801103252.0 | ||
| 041 | 0 | |a slo | |
| 044 | |a SK | ||
| 245 | 1 | 0 | |a Priemyselná politika. 12 - Zahraničné zdroje financovania |c P. Višváder |
| 520 | |a Výber z prílohy č.2 vládneho dokumentu Priemyselná politika SR, venovanej možným zahraničným zdrojom. Pôžičky a úvery medzinárodných finančných inštitúcií schválené pre Slovensko. Podpora podnikateľských aktivít a malého a stredného podnikania. | ||
| 610 | 2 | 0 | |a Slovensko |
| 610 | 2 | 0 | |a 1994-2009 |
| 610 | 2 | 0 | |a politika priemyselná |
| 610 | 2 | 0 | |a dokumenty vládne |
| 610 | 2 | 0 | |a zdroje finančné cudzie |
| 610 | 2 | 0 | |a pôžičky zahraničné |
| 610 | 2 | 0 | |a úver zahraničný |
| 100 | 1 | |a Višváder, P. | |